Catálogo

DESARROLOLO HUMANO (Registro nro. 30732)

Detalles MARC
000 -LEADER
fixed length control field 00446nam a2200181 a 4500
001 - CONTROL NUMBER
control field 30732
005 - DATE AND TIME OF LATEST TRANSACTION
control field 20180713234014.0
008 - FIXED-LENGTH DATA ELEMENTS--GENERAL INFORMATION
fixed length control field 140415s2005 000 0 spa d
020 ## - INTERNATIONAL STANDARD BOOK NUMBER
International Standard Book Number 109701049217
041 ## - LANGUAGE CODE
Language code of text/sound track or separate title spa
082 ## - DEWEY DECIMAL CLASSIFICATION NUMBER
Classification number 155
Item number PAP
100 1# - MAIN ENTRY--PERSONAL NAME
Personal name E. PAPALIA, DIANE
245 10 - TITLE STATEMENT
Title DESARROLOLO HUMANO
250 ## - EDITION STATEMENT
Edition statement 9ª EDIACION
260 ## - PUBLICATION, DISTRIBUTION, ETC.
Place of publication, distribution, etc. [s.l.] :
Name of publisher, distributor, etc. MC GRAW HILL,
Date of publication, distribution, etc. 2005
300 ## - PHYSICAL DESCRIPTION
Extent 779
Dimensions 22 x 5 x 27
520 ## - SUMMARY, ETC.
Summary, etc. RP
Existencias
Withdrawn status Lost status Source of classification or shelving scheme Damaged status Not for loan Collection code Home library Current library Shelving location Date acquired Source of acquisition Total Checkouts Full call number Barcode Date last seen Date last checked out Price effective from Koha item type
    Dewey Decimal Classification     General Tehuacán Tehuacán Sala general 03/12/2013 Compra   155 PAP 505287 16/04/2024 30/08/2014 03/12/2013 Libro